[Event "CRO-ch U13"]
[Site "Trogir"]
[Date "2023.06.21"]
[Round "2"]
[White "Sarac, Fran"]
[Black "Dimac, Petar"]
[Result "0-1"]
[WhiteElo "1423"]
[BlackElo "1219"]
[PlyCount "117"]
[EventDate "2023.06.21"]
[EventType "swiss"]
[EventRounds "9"]
[EventCountry "CRO"]
[SourceTitle "EXT 2024"]
[Source "ChessBase"]
[SourceDate "2023.10.10"]
[SourceVersion "1"]
[SourceVersionDate "2023.10.10"]
[SourceQuality "1"]

1. d4 Nf6 2. c4 g6 3. Nc3 d5 4. Nf3 Bg7 5. Bg5 Ne4 6. e3 Nxg5 7. Nxg5 e6 8. Nf3 c6 9. Bd3 0-0 10. h4 Qa5 11. h5 dxc4 12. Bxc4 c5 13. Qa4 Qxa4 14. Nxa4 cxd4 15. exd4 Rd8 16. hxg6 hxg6 17. Rd1 Bd7 18. Nc3 Bc6 19. b3 Bxf3 20. gxf3 a6 21. Ne2 Nc6 22. d5 Ne5 23. f4 Nf3+ 24. Kf1 b5 25. Bd3 Rxd5 26. Kg2 Rad8 27. Bc2 Rxd1 28. Rxd1 Rxd1 29. Bxd1 Nd4 30. Nc1 Bf8 31. Bf3 Nxf3 32. Kxf3 Bd6 33. Nd3 Kf8 34. Ke4 Ke7 35. b4 f6 36. Kd4 Kd7 37. Nc5+ Kc6 38. Nd3 Kb6 39. a3 Kc6 40. Ke4 Kb6 41. Kd4 a5 42. Ke4 axb4 43. axb4 Kc6 44. Kd4 Be7 45. Ke4 Kd6 46. Kd4 f5 47. Nc1 Bf6+ 48. Kd3 Kd5 49. Ne2 e5 50. f3 Be7 51. Nc3+ Kc6 52. fxe5 Bxb4 53. Na2 Be1 54. Nc3 Bxc3 55. Kxc3 Kd5 56. f4 g5 57. fxg5 Kxe5 58. Kb4 f4 59. g6 0-1

[Event "CRO-ch U11"]
[Site "Trogir"]
[Date "2022.06.24"]
[Round "4"]
[White "Golubovic, Erik"]
[Black "Sarac, Fran"]
[Result "1-0"]
[WhiteElo "1506"]
[BlackElo "1262"]
[PlyCount "71"]
[EventDate "2022.06.22"]
[EventType "swiss"]
[EventRounds "9"]
[EventCountry "CRO"]
[SourceTitle "CBM 209 Extra"]
[Source "ChessBase"]
[SourceDate "2022.09.30"]
[SourceVersion "1"]
[SourceVersionDate "2022.09.30"]
[SourceQuality "1"]

1. e4 d6 2. d4 g6 3. Nf3 Bg7 4. Bc4 a6 5. 0-0 b5 6. Bb3 e6 7. c3 Bb7 8. Re1 Nd7 9. Nbd2 Ne7 10. Nf1 h6 11. Ng3 g5 12. Nh5 Rg8 13. Bxg5 hxg5 14. Nxg5 Nf8 15. Qf3 Nf5 16. Nxf7 Qe7 17. Qh3 Nxd4 18. cxd4 Qxf7 19. Nxg7+ Rxg7 20. Re3 Bc8 21. Rc1 Qf6 22. e5 dxe5 23. dxe5 Qf5 24. Qh4 Qh7 25. Qf4 Bb7 26. Rg3 Bc8 27. Qf3 Ra7 28. Qc6+ Kd8 29. Qc5 Rxg3 30. Qxf8+ Kd7 31. hxg3 Bb7 32. Qc5 Qe4 33. f3 Qc6 34. Qd4+ Ke7 35. Rxc6 Bxc6 36. Qxa7 1-0

[Event "CRO-ch U11"]
[Site "Trogir"]
[Date "2022.06.24"]
[Round "5"]
[White "Sarac, Fran"]
[Black "Mocic, Ivano"]
[Result "0-1"]
[WhiteElo "1262"]
[BlackElo "1554"]
[PlyCount "46"]
[EventDate "2022.06.22"]
[EventType "swiss"]
[EventRounds "9"]
[EventCountry "CRO"]
[SourceTitle "CBM 209 Extra"]
[Source "ChessBase"]
[SourceDate "2022.09.30"]
[SourceVersion "1"]
[SourceVersionDate "2022.09.30"]
[SourceQuality "1"]

1. d4 d5 2. c4 c6 3. Nc3 Nf6 4. e3 g6 5. Nf3 Bg7 6. Be2 e6 7. 0-0 Nbd7 8. Re1 0-0 9. Bd3 b6 10. Ne2 Bb7 11. Nf4 Qc7 12. Qc2 Rac8 13. b3 c5 14. Bb2 dxc4 15. Qxc4 Bxf3 16. gxf3 Qb7 17. Kg2 cxd4 18. Qa4 Nc5 19. Qb4 dxe3 20. fxe3 Nxd3 21. Nxd3 Rc2+ 22. Kg1 Qxf3 23. Nf4 Qf2+ 0-1